The Growth of Indian Public Debt : Dimensions of the Problem and Corrective Measures /

This paper traces the causes of the rapid growth of India's public debt, with special reference to internal debt. It then demonstrates that the growth of debt would become unsustainable by the end of the 1990s if the present trends continue. It develops a methodology to iterate the path of grow...

Descrición completa

Detalles Bibliográficos
Autor Principal: Chelliah, Raja
Formato: Revista
Idioma:English
Publicado: Washington, D.C. : International Monetary Fund, 1991.
Series:IMF Working Papers; Working Paper ; No. 1991/072
Acceso en liña:Full text available on IMF
LEADER 01500cas a2200241 a 4500
001 AALejournalIMF008540
008 230101c9999 xx r poo 0 0eng d
020 |c 5.00 USD 
020 |z 9781451959024 
022 |a 1018-5941 
040 |a BD-DhAAL  |c BD-DhAAL 
100 1 |a Chelliah, Raja. 
245 1 4 |a The Growth of Indian Public Debt :   |b Dimensions of the Problem and Corrective Measures /  |c Raja Chelliah. 
264 1 |a Washington, D.C. :  |b International Monetary Fund,  |c 1991. 
300 |a 1 online resource (51 pages) 
490 1 |a IMF Working Papers 
500 |a <strong>Off-Campus Access:</strong> No User ID or Password Required 
500 |a <strong>On-Campus Access:</strong> No User ID or Password Required 
506 |a Electronic access restricted to authorized BRAC University faculty, staff and students 
520 3 |a This paper traces the causes of the rapid growth of India's public debt, with special reference to internal debt. It then demonstrates that the growth of debt would become unsustainable by the end of the 1990s if the present trends continue. It develops a methodology to iterate the path of growth of debt to discover the sustainable level of the primary deficit. Finally, it suggests concrete measures to bring down the primary deficit. 
538 |a Mode of access: Internet 
830 0 |a IMF Working Papers; Working Paper ;  |v No. 1991/072 
856 4 0 |z Full text available on IMF  |u http://elibrary.imf.org/view/journals/001/1991/072/001.1991.issue-072-en.xml  |z IMF e-Library